| 000 | 00421cam a22001451 4500 | ||
|---|---|---|---|
| 082 |
_a515.63 _bSTU _cL-4, P-3 |
||
| 100 | 1 |
_aStubbings, George Wilfred, _939327 |
|
| 245 | 1 | 0 | _aElementary vectors for electrical engineerings. |
| 250 | _a2d ed. | ||
| 260 |
_aLondon, _bI. Pitman, _c1939. |
||
| 300 |
_aviii, 107 p. : _bdiagrs. _c19 cm. |
||
| 526 |
_a0 _b0 _c0 _d515_630000000000000_STU |
||
| 650 | 0 |
_aMCE _9379 |
|
| 942 |
_2ddc _cBK |
||
| 999 |
_c543829 _d543829 |
||